000 00785nam a2200241 a 4500
001 BRCA_3623
005 20190320204346.0
008 250809s1932----enka---###---#000-0#eng-#
041 _aeng
044 _aenk
050 4 _aPA6519
_b.O95 1932
100 1 _aOvidius Naso, Publius
_d43 a. c.-17 d. c.
_99396
245 1 0 _aThe with amores of. P. Ovidius Naso
_cNewly tr. by E. Powys Mathers ; with five engravings on copper by J. E. Laboureur.
260 _aSt. Lawrence, Great Britain
_bThe Golden Cockered Press
_c1932
300 _a82 p.
_bil., 5 grabados
_c25 cm.
500 _aIncluye notas
500 _aGrabados ejemplar numerado 291 de 350
500 _aB295
700 1 _aMathers, E. Powys
_etr
_99397
700 1 _aLaboureur, J. E.
_99398
902 _aGFM
942 _2lcc
_cB
999 _c3358
_d3358